A luta continua : (Record no. 27377)
[ view plain ]
| 000 -LEADER | |
|---|---|
| fixed length control field | 01112cam a2200289 i 4500 |
| 001 - CONTROL NUMBER | |
| control field | 27377 |
| 003 - CONTROL NUMBER IDENTIFIER | |
| rucl marc code | BD-RjUL |
| 005 - DATE AND TIME OF LATEST TRANSACTION | |
| control field | 20211209051140.0 |
| 008 - FIXED-LENGTH DATA ELEMENTS--GENERAL INFORMATION | |
| fixed length control field | 140325s1978 nyua b 000 0 eng |
| 035 ## - SYSTEM CONTROL NUMBER | |
| System control number | (BD-RjUL)27450 |
| 040 ## - CATALOGING SOURCE | |
| Original cataloging agency | DLC |
| Transcribing agency | DLC |
| Modifying agency | DLC |
| -- | BD-RjUL |
| Language of cataloging | eng |
| 041 ## - LANGUAGE CODE | |
| Language code of text/sound track or separate title | eng |
| 082 00 - DEWEY DECIMAL CLASSIFICATION NUMBER | |
| Classification number | 309.1679 |
| Author mark and year | ISL 1978 |
| 100 1# - MAIN ENTRY--PERSONAL NAME | |
| Personal name | Isaacman, Allen F. |
| 9 (RLIN) | 84102 |
| 245 12 - TITLE STATEMENT | |
| Title | A luta continua : |
| Remainder of title | creating a new society in Mozambique / |
| Statement of responsibility, etc. | Allen Isaacman. |
| 260 ## - PUBLICATION, DISTRIBUTION, ETC. (IMPRINT) | |
| Place of publication, distribution, etc. | Binghamton, N.Y. : |
| Name of publisher, distributor, etc. | Fernand Braudel Center for the Study of Economies, Historical Systems, and Civilizations, State University of New York, |
| Date of publication, distribution, etc. | c1978. |
| 300 ## - PHYSICAL DESCRIPTION | |
| Pagination | 131 p. : |
| Illustrations | ill. ; |
| Size | 22 cm. |
| 504 ## - BIBLIOGRAPHY, ETC. NOTE | |
| Bibliography, etc | Bibliography: p. 130-131. |
| 651 #0 - SUBJECT ADDED ENTRY--GEOGRAPHIC NAME | |
| Geographic name | Mozambique |
| General subdivision | Social conditions |
| Chronological subdivision | 1975- |
| 9 (RLIN) | 84104 |
| Geographic name | Mozambique |
| General subdivision | Politics and government. |
| 9 (RLIN) | 84105 |
| Geographic name | Mozambique |
| General subdivision | Economic conditions. |
| 9 (RLIN) | 84106 |
| 710 2# - ADDED ENTRY--CORPORATE NAME | |
| Corporate name or jurisdiction name as entry element | Fernand Braudel Center for the Study of Economies, Historical Systems, and Civilizations. |
| 9 (RLIN) | 84107 |
| 942 ## - ADDED ENTRY ELEMENTS (KOHA) | |
| Source of classification or shelving scheme | Dewey Decimal Classification |
| Koha item type | Books |
| Lost status | Source of classification or shelving scheme | Damaged status | Not for loan | Collection code | Permanent Location | Current Location | Shelving location | Date acquired | Source of acquisition | Total Checkouts | Full call number | Date last seen | Copy number | Koha item type |
|---|---|---|---|---|---|---|---|---|---|---|---|---|---|---|
| Dewey Decimal Classification | Added to bundle | Non-fiction | Central Library, University of Rajshahi | Central Library, University of Rajshahi | Reading Room | 22/07/1985 | Asia foundation | 309.1679 ISL 1978 | 25/03/2014 | C-1 | Books |